000 00446nam a2200121Ia 4500
008 220216s9999 xx 000 0 und d
100 _aTan A G
245 0 _aReusable collapsible metal crates for block rubber packaging
260 _bIn: Ensuring sustainability and competitiveness of the NR industry: Proceedings of the RRIM Rubber Growers Conference, Kuala Lumpur, 1995; p191-209
650 _aBlock rubber
700 _aLoke K M
942 _cJS
999 _c66929
_d66929